| 000 | 00739nam a2200205Ia 4500 | ||
|---|---|---|---|
| 003 | GCL | ||
| 008 | 140319s9999 xx 000 0 ara d | ||
| 020 | _a3686063977 | ||
| 040 |
_aGCL / _cGCL |
||
| 082 | 0 | 4 |
_a371.33 _bس م |
| 100 | 1 | _aسلمى الصعيدى | |
| 245 | 1 | 0 |
_aالمدرسة الذكية : _bمدرسة القرن الحادى والعشرين / _cسلمى الصعيدى |
| 260 |
_aالقاهرة : _bدار فرحة للنشر والتوزيع ، _c2005 |
||
| 300 |
_a292 ص ؛ _c24 سم |
||
| 490 |
_aسلسلة الدراسات التربوية _v0 |
||
| 650 | 0 | 4 | _aالمدارس - تنظيم وادارة |
| 650 | 0 | 4 | _aتكنولوجيا التعليم |
| 650 | 0 | 4 | _aالمدارس - تطوير |
| 942 |
_2ddc _cBK |
||
| 999 |
_c8565 _d8565 |
||